[Event "Managua Arellano Memorial"]
[Site "Managua"]
[Date "2023.07.30"]
[Round "5"]
[White "Vallecillo, Saul"]
[Black "Mejia, Donaldo"]
[Result "0-1"]
[WhiteElo "1893"]
[BlackElo "1712"]
[PlyCount "70"]
[EventDate "2023.07.22"]
[EventType "swiss"]
[EventRounds "9"]
[EventCountry "NCA"]
[SourceTitle "EXT 2024"]
[Source "ChessBase"]
[SourceDate "2023.10.10"]
[SourceVersion "1"]
[SourceVersionDate "2023.10.10"]
[SourceQuality "1"]

1. e4 c6 2. d4 d5 3. e5 c5 4. c3 Nc6 5. Bd3 cxd4 6. cxd4 Qb6 7. Ne2 Bg4 8. f3 Bh5 9. Bc2 e6 10. a3 Nge7 11. Nbc3 Bg6 12. Bxg6 hxg6 13. Na4 Qd8 14. Nc5 Nf5 15. g3 Bxc5 16. dxc5 Nxe5 17. Kf2 Qe7 18. b4 Qf6 19. Bf4 g5 20. Bxe5 Qxe5 21. Qd3 Rd8 22. Rae1 Kf8 23. a4 a6 24. Qd2 Qf6 25. b5 axb5 26. axb5 e5 27. Nc3 Nd4 28. Re3 e4 29. Kg2 Nxf3 30. Qd1 Qe6 31. Nxe4 Qh3+ 32. Kf2 Nxh2 33. Nxg5 Qf5+ 34. Kg2 Qxg5 35. Qg1 d4 0-1

[Event "NCA-ch sf"]
[Site "Managua"]
[Date "2023.01.28"]
[Round "1.3"]
[White "Mejia, Donaldo"]
[Black "Flores Talavera, Luis"]
[Result "0-1"]
[WhiteElo "1768"]
[BlackElo "1984"]
[PlyCount "68"]
[EventDate "2023.01.28"]
[EventType "swiss"]
[EventRounds "9"]
[EventCountry "NCA"]
[SourceTitle "CBM 213 Extra"]
[Source "ChessBase"]
[SourceDate "2023.05.31"]
[SourceVersion "1"]
[SourceVersionDate "2023.05.31"]
[SourceQuality "1"]

1. Nf3 Nf6 2. c4 e6 3. g3 c5 4. Bg2 Be7 5. 0-0 Nc6 6. b3 0-0 7. Bb2 a6 8. Nc3 Qc7 9. e3 b6 10. d4 d6 11. d5 exd5 12. Nxd5 Nxd5 13. Qxd5 Bb7 14. Qh5 Nd8 15. Rad1 Ne6 16. Rd2 Rad8 17. Bh3 Bxf3 18. Qxf3 Ng5 19. Qh5 Nxh3+ 20. Qxh3 Rd7 21. Rfd1 Rfd8 22. Rd5 Bf8 23. Rh5 h6 24. Rxh6 gxh6 25. Qg4+ Kh7 26. Qf5+ Kg8 27. Qf6 Kh7 28. Qh8+ Kg6 29. Qf6+ Kh7 30. h4 d5 31. Be5 Rd6 32. Qh8+ Kg6 33. Qg8+ Kf5 34. f4 dxc4 0-1

[Event "NCA-ch Fase 2"]
[Site "Managua"]
[Date "2022.02.05"]
[Round "7"]
[White "Mejia, Donaldo"]
[Black "Martinez Thomas, Gregory Aubrey"]
[Result "1/2-1/2"]
[WhiteElo "1784"]
[BlackElo "1461"]
[PlyCount "74"]
[EventDate "2022.01.22"]
[EventType "swiss"]
[EventRounds "9"]
[EventCountry "NCA"]
[SourceTitle "CBM 207 Extra"]
[Source "ChessBase"]
[SourceDate "2022.05.31"]
[SourceVersion "1"]
[SourceVersionDate "2022.05.31"]
[SourceQuality "1"]

1. Nf3 Nf6 2. c4 d6 3. g3 g6 4. b4 Bg7 5. Bb2 Nbd7 6. Bg2 0-0 7. 0-0 a6 8. d3 c5 9. a3 Rb8 10. Qc2 e5 11. Nbd2 b5 12. bxc5 Nxc5 13. Rab1 Bf5 14. cxb5 axb5 15. e4 Be6 16. d4 exd4 17. Bxd4 Qd7 18. Qb2 Nh5 19. Bxg7 Nxg7 20. Rfd1 Na4 21. Qd4 Rfc8 22. Rbc1 Rxc1 23. Rxc1 Nb6 24. Ng5 Nc4 25. Nxc4 Bxc4 26. Rd1 h6 27. Bh3 Qe7 28. Nf3 Be2 29. e5 Bxd1 30. exd6 Qe2 31. Ne5 Ne6 32. Bxe6 fxe6 33. d7 Kh7 34. Qd6 Qe1+ 35. Kg2 Qe4+ 36. Kg1 Qe1+ 37. Kg2 Qe4+ 1/2-1/2

[Event "NCA-ch Fase 2"]
[Site "Managua"]
[Date "2022.01.23"]
[Round "2"]
[White "Flores, Manuel"]
[Black "Mejia, Donaldo"]
[Result "1/2-1/2"]
[WhiteElo "1951"]
[BlackElo "1784"]
[PlyCount "89"]
[EventDate "2022.01.22"]
[EventType "swiss"]
[EventRounds "9"]
[EventCountry "NCA"]
[SourceTitle "CBM 207 Extra"]
[Source "ChessBase"]
[SourceDate "2022.05.31"]
[SourceVersion "1"]
[SourceVersionDate "2022.05.31"]
[SourceQuality "1"]

1. d4 Nf6 2. c4 e6 3. Nf3 b6 4. g3 Bb7 5. Bg2 Bb4+ 6. Bd2 a5 7. a3 Be7 8. Nc3 0-0 9. 0-0 d6 10. Re1 Ne4 11. Nxe4 Bxe4 12. Bc3 Nd7 13. b4 Qc8 14. Qd2 axb4 15. axb4 Qb7 16. Rec1 Rxa1 17. Rxa1 Qc6 18. Qa2 Nf6 19. b5 Qd7 20. Ne5 dxe5 21. dxe5 Bxg2 22. exf6 Bxf6 23. Bxf6 gxf6 24. Kxg2 Qd4 25. e3 Qe4+ 26. Kg1 Rd8 27. Rc1 Kg7 28. Qc2 Qf3 29. c5 bxc5 30. Qxc5 Rd1+ 31. Rxd1 Qxd1+ 32. Kg2 Qd5+ 33. Qxd5 exd5 34. Kf3 Kf8 35. Ke2 Ke7 36. Kd3 Kd6 37. Kd4 f5 38. h3 f6 39. f3 h6 40. f4 h5 41. h4 c5+ 42. bxc6 Kxc6 43. Kd3 Kc5 44. Kc3 Kb5 45. Kd4 1/2-1/2

[Event "Managua Hurtado Memorial op"]
[Site "Managua"]
[Date "2021.12.30"]
[Round "9"]
[White "Ramos Donaire, Maria Pradi"]
[Black "Mejia, Donaldo"]
[Result "1-0"]
[WhiteElo "1587"]
[BlackElo "1784"]
[PlyCount "79"]
[EventDate "2021.12.26"]
[EventType "swiss"]
[EventRounds "9"]
[EventCountry "NCA"]
[SourceTitle "CBM 206 Extra"]
[Source "ChessBase"]
[SourceDate "2022.03.31"]
[SourceVersion "1"]
[SourceVersionDate "2022.03.31"]
[SourceQuality "1"]

1. e4 d6 2. d4 Nf6 3. Nc3 c6 4. Nf3 Bg4 5. Be2 e6 6. 0-0 d5 7. exd5 cxd5 8. h3 Bh5 9. Bf4 Nc6 10. Nb1 Bd6 11. Bxd6 Qxd6 12. c3 0-0 13. Nbd2 Rab8 14. Re1 b5 15. Nb3 b4 16. Nc5 bxc3 17. bxc3 Rfc8 18. Qd3 Bxf3 19. Qxf3 e5 20. Qg3 Rd8 21. Nb3 Ne4 22. Qe3 Re8 23. Bf3 f5 24. Qc1 exd4 25. cxd4 Rec8 26. Bxe4 fxe4 27. Qe3 Nb4 28. Qe2 Rc2 29. Qg4 Qf6 30. Re2 Rf8 31. Rf1 Rxa2 32. Rxa2 Nxa2 33. Nc5 Qf7 34. Qg5 Nc3 35. Qd2 Nb5 36. Qb4 Nd6 37. Na4 Nf5 38. Qc3 Qf6 39. Nc5 Nh4 40. Nd7 1-0

[Event "Managua Hurtado Memorial op"]
[Site "Managua"]
[Date "2021.12.29"]
[Round "6"]
[White "Mejia, Donaldo"]
[Black "Pilarte Castro, Rene Ozmar"]
[Result "1-0"]
[WhiteElo "1784"]
[BlackElo "1289"]
[PlyCount "63"]
[EventDate "2021.12.26"]
[EventType "swiss"]
[EventRounds "9"]
[EventCountry "NCA"]
[SourceTitle "CBM 206 Extra"]
[Source "ChessBase"]
[SourceDate "2022.03.31"]
[SourceVersion "1"]
[SourceVersionDate "2022.03.31"]
[SourceQuality "1"]

1. b4 d5 2. Bb2 Bf5 3. e3 Nf6 4. Nf3 h6 5. c4 e6 6. a3 c6 7. Nc3 Be7 8. Rc1 Nbd7 9. d4 dxc4 10. Bxc4 Nb6 11. Bd3 Bxd3 12. Qxd3 Nbd5 13. 0-0 Nxc3 14. Rxc3 0-0 15. e4 Qb6 16. Ne5 Rfd8 17. Rc2 a5 18. Nc4 Qb5 19. a4 Qxb4 20. Ba3 Qxa4 21. Bxe7 Rxd4 22. Qxd4 Qxc2 23. f3 a4 24. Nb6 Ra5 25. Qd8+ Kh7 26. Nd7 h5 27. Bxf6 a3 28. Nf8+ Kg8 29. Nxe6+ Kh7 30. Nf8+ Kg8 31. Ng6+ Kh7 32. Ne7 1-0

[Event "Managua Hurtado Memorial op"]
[Site "Managua"]
[Date "2021.12.27"]
[Round "2"]
[White "Mejia, Donaldo"]
[Black "Rodriguez, Fausto"]
[Result "0-1"]
[WhiteElo "1784"]
[BlackElo "1962"]
[PlyCount "104"]
[EventDate "2021.12.26"]
[EventType "swiss"]
[EventRounds "9"]
[EventCountry "NCA"]
[SourceTitle "CBM 206 Extra"]
[Source "ChessBase"]
[SourceDate "2022.03.31"]
[SourceVersion "1"]
[SourceVersionDate "2022.03.31"]
[SourceQuality "1"]

1. g3 Nf6 2. Bg2 e6 3. e4 d6 4. d4 Nbd7 5. Nc3 e5 6. Nge2 Be7 7. 0-0 c6 8. a4 0-0 9. h3 Re8 10. d5 c5 11. Be3 b6 12. Qd2 h6 13. g4 Nh7 14. Ng3 Bg5 15. f4 exf4 16. Bxf4 Ne5 17. b3 a6 18. Qf2 Bxf4 19. Qxf4 Rf8 20. Rae1 Qg5 21. Qf2 g6 22. Nd1 Qh4 23. Ne2 Qe7 24. Ne3 b5 25. axb5 axb5 26. Nc3 Bd7 27. Ra1 b4 28. Ne2 Bb5 29. Rxa8 Rxa8 30. Re1 Ra2 31. Nc1 Nd3 32. Nxd3 Bxd3 33. Qd2 Bb5 34. e5 Qxe5 35. Nf5 Ra1 36. Nxh6+ Kg7 37. Rxa1 Qxa1+ 38. Kf2 Qd4+ 39. Qxd4+ cxd4 40. g5 Nxg5 41. Ng4 f5 42. Nh2 d3 43. cxd3 Bxd3 44. Nf1 Bxf1 45. Bxf1 Ne4+ 46. Ke3 Nc5 47. Bc4 g5 48. Kd4 Kf6 49. Be2 Nxb3+ 50. Kc4 Nc5 51. Kxb4 Ke5 52. Bf3 Ne4 0-1

[Event "NCA-chT final"]
[Site "Managua"]
[Date "2021.11.14"]
[Round "10.2"]
[White "Mejia, Donaldo"]
[Black "Simplina, Amor"]
[Result "1/2-1/2"]
[WhiteElo "1764"]
[BlackElo "2063"]
[PlyCount "35"]
[EventDate "2021.10.16"]
[EventType "team-tourn"]
[EventRounds "11"]
[EventCountry "NCA"]
[SourceTitle "EXT 2023"]
[Source "ChessBase"]
[SourceDate "2022.10.05"]
[SourceVersion "1"]
[SourceVersionDate "2022.10.05"]
[SourceQuality "1"]
[WhiteTeam "Blitz Friends"]
[BlackTeam "Clemente Guido"]
[WhiteTeamCountry "NCA"]
[BlackTeamCountry "NCA"]

1. Nf3 d5 2. c4 d4 3. b4 c5 4. bxc5 Nc6 5. Bb2 e5 6. e3 Bxc5 7. exd4 Nxd4 8. Nxd4 Bxd4 9. Nc3 Bxf2+ 10. Kxf2 Qb6+ 11. Ke1 Qxb2 12. Nb5 Kf8 13. Rb1 Qxa2 14. Ra1 Qb2 15. Rb1 Qa2 16. Ra1 Qb2 17. Rb1 Qa2 18. Ra1 1/2-1/2

[Event "NCA-chT 1st Stage"]
[Site "Managua"]
[Date "2021.10.10"]
[Round "9.2"]
[White "Mejia, Donaldo"]
[Black "Cortez Ruiz, Luis Miguel"]
[Result "1/2-1/2"]
[WhiteElo "1764"]
[BlackElo "1540"]
[PlyCount "69"]
[EventDate "2021.09.25"]
[EventType "team-swiss"]
[EventRounds "9"]
[EventCountry "NCA"]
[SourceTitle "EXT 2023"]
[Source "ChessBase"]
[SourceDate "2022.10.05"]
[SourceVersion "1"]
[SourceVersionDate "2022.10.05"]
[SourceQuality "1"]
[WhiteTeam "Blitz Friends"]
[BlackTeam "Ciudad Sandino"]
[WhiteTeamCountry "NCA"]
[BlackTeamCountry "NCA"]

1. Nf3 d5 2. c4 e6 3. g3 Nf6 4. Bg2 Be7 5. 0-0 0-0 6. b3 b6 7. Bb2 Bb7 8. e3 c5 9. cxd5 exd5 10. d4 Nbd7 11. Nc3 Ne4 12. dxc5 Nxc3 13. Bxc3 Nxc5 14. Rc1 Ne4 15. Bb2 Ba6 16. Re1 Bb4 17. Qd4 Qf6 18. Red1 Be2 19. Qxf6 Nxf6 20. Rd4 Be7 21. Rd2 Ba6 22. Bxf6 Bxf6 23. Rxd5 Rac8 24. Rcd1 Be2 25. Re1 Rc2 26. Rd2 Rxd2 27. Nxd2 Ba6 28. Ne4 Be7 29. Rd1 Rc8 30. Bf3 Rc2 31. Rd2 Rc1+ 32. Rd1 Rc2 33. Rd2 Rc1+ 34. Rd1 Rc2 35. Rd2 1/2-1/2

[Event "NCA-chT 1st Stage"]
[Site "Managua"]
[Date "2021.09.26"]
[Round "2.2"]
[White "Mejia, Donaldo"]
[Black "Simplina, Amor"]
[Result "0-1"]
[WhiteElo "1764"]
[BlackElo "2063"]
[PlyCount "162"]
[EventDate "2021.09.25"]
[EventType "team-swiss"]
[EventRounds "9"]
[EventCountry "NCA"]
[SourceTitle "EXT 2023"]
[Source "ChessBase"]
[SourceDate "2022.10.05"]
[SourceVersion "1"]
[SourceVersionDate "2022.10.05"]
[SourceQuality "1"]
[WhiteTeam "Blitz Friends"]
[BlackTeam "Clemente Guido"]
[WhiteTeamCountry "NCA"]
[BlackTeamCountry "NCA"]

1. Nf3 Nf6 2. c4 e6 3. g3 d5 4. Bg2 c6 5. b3 Nbd7 6. Bb2 Bd6 7. 0-0 0-0 8. d3 Qe7 9. Nbd2 e5 10. cxd5 cxd5 11. e4 dxe4 12. dxe4 Ba3 13. Bxa3 Qxa3 14. Nc4 Qe7 15. Qd6 Re8 16. Rfd1 b6 17. Qxe7 Rxe7 18. Rac1 Ba6 19. Nd6 Be2 20. Rd2 Bxf3 21. Bxf3 Nc5 22. b4 Ne6 23. Nf5 Ree8 24. Nd6 Red8 25. Kf1 Rd7 26. Rcd1 Rad8 27. h3 Ne8 28. Nc4 Rxd2 29. Rxd2 Rxd2 30. Nxd2 Nd6 31. Be2 Nd4 32. Bd3 f6 33. a4 a5 34. bxa5 bxa5 35. f4 Kf7 36. Kf2 Ke6 37. Ke3 Kd7 38. fxe5 fxe5 39. Nc4 Nxc4+ 40. Bxc4 Kc6 41. h4 Kc5 42. Bg8 h6 43. Bf7 Kb4 44. Be8 Ne6 45. Kf3 Nc5 46. Bc6 Nxa4 47. Kg4 Nb6 48. Kf5 Kc5 49. Be8 Kd6 50. Kg6 Ke7 51. Bb5 Kf8 52. Kf5 a4 53. Bd3 a3 54. Bb1 Na4 55. Ba2 Nc3 56. Bb3 a2 57. Bxa2 Nxa2 58. Kxe5 Ke7 59. Kf5 Nb4 60. Kg6 Kf8 61. g4 Nc6 62. g5 Ne7+ 63. Kh5 hxg5 64. Kxg5 Kf7 65. h5 Ng8 66. e5 Nh6 67. Kf4 Ke6 68. Ke4 Nf7 69. Kf4 Nxe5 70. Kg5 Kf7 71. h6 g6 72. h7 Kg7 73. h8Q+ Kxh8 74. Kf6 Kh7 75. Kxe5 Kh6 76. Kf4 Kh5 77. Kg3 Kg5 78. Kf3 Kh4 79. Kg2 Kg4 80. Kh2 Kf3 81. Kg1 Kg3 0-1

[Event "Managua Ramirez de Arellano Memorial"]
[Site "Managua"]
[Date "2021.07.11"]
[Round "3"]
[White "Ortiz Bermudez, Victor Francisco"]
[Black "Mejia, Donaldo"]
[Result "0-1"]
[WhiteElo "1304"]
[BlackElo "1770"]
[PlyCount "54"]
[EventDate "2021.07.10"]
[EventType "swiss"]
[EventRounds "9"]
[EventCountry "NCA"]
[SourceTitle "EXT 2023"]
[Source "ChessBase"]
[SourceDate "2022.10.05"]
[SourceVersion "1"]
[SourceVersionDate "2022.10.05"]
[SourceQuality "1"]

1. e4 c6 2. Nc3 d6 3. d4 Nf6 4. f4 Qa5 5. Bd2 Bg4 6. Nf3 Qc7 7. h3 Bxf3 8. Qxf3 e5 9. dxe5 dxe5 10. 0-0-0 Nbd7 11. Bc4 b5 12. Bb3 a5 13. Bxf7+ Kxf7 14. f5 Nc5 15. g4 b4 16. g5 bxc3 17. Bxc3 Nfxe4 18. g6+ Kg8 19. Rhe1 Nxc3 20. Qxc3 Bd6 21. Qc4+ Kf8 22. Qf7+ Qxf7 23. gxf7 Kxf7 24. Rg1 Rad8 25. Rxg7+ Kf6 26. Rxd6+ Rxd6 27. Rg8 Rd8 0-1

[Event "Managua Hurtado Memorial 20th"]
[Site "Managua"]
[Date "2020.12.28"]
[Round "4"]
[White "Mejia, Donaldo"]
[Black "Vanegas Lopez, Natanael Emanuel"]
[Result "1-0"]
[WhiteElo "1853"]
[BlackElo "1424"]
[PlyCount "53"]
[EventDate "2020.12.26"]
[EventType "swiss"]
[EventRounds "9"]
[EventCountry "NCA"]
[SourceTitle "CBM 200 Extra"]
[Source "ChessBase"]
[SourceDate "2021.03.31"]
[SourceVersion "1"]
[SourceVersionDate "2021.03.31"]
[SourceQuality "1"]

1. e4 e5 2. Nf3 Nc6 3. Bc4 Bc5 4. c3 Nf6 5. d4 exd4 6. b4 Bb6 7. e5 d5 8. exf6 dxc4 9. fxg7 Rg8 10. 0-0 Qf6 11. b5 Qxg7 12. g3 Ne7 13. Re1 Be6 14. Ba3 d3 15. Bxe7 Kxe7 16. Nbd2 Kf8 17. Ne4 h6 18. Qa4 Qg4 19. Ne5 Qf5 20. Nxc4 Rd8 21. Nxb6 axb6 22. Rad1 Rd5 23. c4 Rd4 24. Qa3+ Kg7 25. Qc3 Rgd8 26. Rxd3 Qe5 27. f4 1-0

[Event "Managua Hurtado Memorial 19th"]
[Site "Managua"]
[Date "2019.12.30"]
[Round "8"]
[White "Obregon Amador, Jose Francisco"]
[Black "Mejia, Donaldo"]
[Result "0-1"]
[WhiteElo "1770"]
[BlackElo "1880"]
[PlyCount "88"]
[EventDate "2019.12.26"]
[EventType "swiss"]
[EventRounds "9"]
[EventCountry "NCA"]
[SourceTitle "CBM 195 Extra"]
[Source "ChessBase"]
[SourceDate "2020.05.31"]
[SourceVersion "1"]
[SourceVersionDate "2020.05.31"]
[SourceQuality "1"]

1. d4 g6 2. Bf4 Bg7 3. Qd2 d6 4. e4 Nc6 5. Nf3 Bg4 6. c3 e5 7. Bg5 Qd7 8. d5 Nce7 9. Be2 h6 10. Bh4 f5 11. Bxe7 Nxe7 12. h3 Bxf3 13. gxf3 c6 14. c4 a6 15. Nc3 Rb8 16. Rd1 c5 17. a4 b6 18. h4 0-0 19. b3 Kh7 20. Bf1 Ng8 21. Bh3 Nf6 22. Rg1 Nh5 23. Ne2 Qe7 24. exf5 gxf5 25. Ng3 Nxg3 26. fxg3 e4 27. fxe4 Qxe4+ 28. Qe2 Bc3+ 29. Kf1 Rbe8 30. Rg2 f4 31. Qxe4+ Rxe4 32. Rf2 Bd4 33. Rf3 Re3 34. Rd3 Rxd3 35. Rxd3 fxg3+ 36. Kg2 Be5 37. Rd2 Rf4 38. Re2 Rxh4 39. Re3 Rd4 40. Bf5+ Kg7 41. Bd3 Kf6 42. Kh3 Kg5 43. Rf3 Rh4+ 44. Kg2 Rh2+ 0-1

[Event "Managua Hurtado Memorial 19th"]
[Site "Managua"]
[Date "2019.12.28"]
[Round "4"]
[White "Fonseca Cabrera, Ernesto Gregorio"]
[Black "Mejia, Donaldo"]
[Result "1-0"]
[WhiteElo "2216"]
[BlackElo "1880"]
[PlyCount "53"]
[EventDate "2019.12.26"]
[EventType "swiss"]
[EventRounds "9"]
[EventCountry "NCA"]
[SourceTitle "CBM 195 Extra"]
[Source "ChessBase"]
[SourceDate "2020.05.31"]
[SourceVersion "1"]
[SourceVersionDate "2020.05.31"]
[SourceQuality "1"]

1. d4 e6 2. e4 d5 3. Nc3 Nf6 4. e5 Nfd7 5. f4 c5 6. Nf3 Nc6 7. Be3 Be7 8. Qd2 a6 9. 0-0-0 b5 10. dxc5 Nxc5 11. Nd4 Bb7 12. Bd3 Rc8 13. Kb1 Qa5 14. Nxc6 Rxc6 15. f5 b4 16. Ne2 Na4 17. Nd4 Nc3+ 18. bxc3 bxc3 19. Nb3 Qa4 20. Qf2 Kd7 21. Bf4 Bb4 22. Bc1 Rhc8 23. a3 Rb6 24. fxe6+ fxe6 25. axb4 Rxb4 26. Qf7+ Kd8 27. Bg5# 1-0

[Event "Managua Hurtado Memorial 19th"]
[Site "Managua"]
[Date "2019.12.28"]
[Round "5"]
[White "Mejia, Donaldo"]
[Black "Caballero, Danery Javier"]
[Result "1-0"]
[WhiteElo "1880"]
[BlackElo "1693"]
[PlyCount "69"]
[EventDate "2019.12.26"]
[EventType "swiss"]
[EventRounds "9"]
[EventCountry "NCA"]
[SourceTitle "CBM 195 Extra"]
[Source "ChessBase"]
[SourceDate "2020.05.31"]
[SourceVersion "1"]
[SourceVersionDate "2020.05.31"]
[SourceQuality "1"]

1. Nf3 c5 2. c4 d6 3. g3 Nf6 4. Bg2 Nc6 5. 0-0 e6 6. b3 Be7 7. Bb2 a6 8. d4 cxd4 9. Nxd4 Bd7 10. Nc3 Qc7 11. Rc1 0-0 12. Nd5 Qd8 13. Nxe7+ Qxe7 14. Ba3 Rfd8 15. e4 Nxd4 16. Qxd4 Bc6 17. Rfd1 Ne8 18. Rc2 Rd7 19. Rcd2 Rad8 20. e5 Bxg2 21. Kxg2 f6 22. exd6 Nxd6 23. Qb6 e5 24. Rxd6 Rxd6 25. Rxd6 Rxd6 26. Bxd6 Qd7 27. Qc5 h6 28. Qd5+ Kh7 29. f4 exf4 30. Bxf4 Qc6 31. Qxc6 bxc6 32. Kf3 g5 33. Bd6 f5 34. Ke3 Kg6 35. Kd4 1-0

[Event "NCA-chT final"]
[Site "Managua"]
[Date "2019.11.10"]
[Round "7.1"]
[White "Davila, Carlos"]
[Black "Mejia, Donaldo"]
[Result "1-0"]
[WhiteElo "2227"]
[BlackElo "1893"]
[PlyCount "53"]
[EventDate "2019.10.26"]
[EventType "team-tourn"]
[EventRounds "11"]
[EventCountry "NCA"]
[SourceTitle "EXT 2021"]
[Source "ChessBase"]
[SourceDate "2020.10.23"]
[SourceVersion "1"]
[SourceVersionDate "2020.10.23"]
[SourceQuality "1"]
[WhiteTeam "Clemente Guido"]
[BlackTeam "Yader Cabrera"]
[WhiteTeamCountry "NCA"]
[BlackTeamCountry "NCA"]

1. d4 e6 2. g3 f5 3. Bg2 Nf6 4. Nf3 Be7 5. 0-0 0-0 6. b3 d6 7. Bb2 Qe8 8. Nc3 Bd8 9. Re1 e5 10. dxe5 dxe5 11. e4 f4 12. gxf4 exf4 13. e5 Nh5 14. e6 Nc6 15. Ne4 Qg6 16. Nc5 Be7 17. Nd7 Bxd7 18. exd7 Bd6 19. Qd5+ Kh8 20. Re6 Nf6 21. Bxf6 Rxf6 22. Rae1 Rd8 23. Re8+ Rf8 24. Ng5 Rdxe8 25. dxe8Q Rxe8 26. Rxe8+ Qxe8 27. Nf7+ 1-0

[Event "NCA-chT final"]
[Site "Managua"]
[Date "2019.10.26"]
[Round "1.1"]
[White "Mejia, Donaldo"]
[Black "Izaba, Rodolfo"]
[Result "1/2-1/2"]
[WhiteElo "1893"]
[BlackElo "1985"]
[PlyCount "60"]
[EventDate "2019.10.26"]
[EventType "team-tourn"]
[EventRounds "11"]
[EventCountry "NCA"]
[SourceTitle "EXT 2021"]
[Source "ChessBase"]
[SourceDate "2020.10.23"]
[SourceVersion "1"]
[SourceVersionDate "2020.10.23"]
[SourceQuality "1"]
[WhiteTeam "Yader Cabrera"]
[BlackTeam "Jane Allens Knights"]
[WhiteTeamCountry "NCA"]
[BlackTeamCountry "NCA"]

1. Nf3 Nf6 2. c4 c5 3. g3 b6 4. Bg2 Bb7 5. 0-0 g6 6. b3 Bg7 7. Bb2 0-0 8. e3 d6 9. d4 cxd4 10. exd4 e6 11. Re1 Nc6 12. Nc3 Ne7 13. Rc1 Rb8 14. Ba3 a6 15. Qe2 Re8 16. Ng5 Nf5 17. Rcd1 Bxg2 18. Kxg2 d5 19. Nf3 dxc4 20. bxc4 b5 21. cxb5 Qa5 22. Qb2 axb5 23. Bb4 Qa8 24. a3 Nd5 25. Nxd5 Qxd5 26. Qc3 Rbc8 27. Qd3 Rc4 28. Kg1 Nxd4 29. Nxd4 Rxd4 30. Qe2 Rc8 1/2-1/2

[Event "NCA-chT fase1"]
[Site "Managua"]
[Date "2019.10.06"]
[Round "5.1"]
[White "Mejia, Donaldo"]
[Black "Izaba, Rodolfo"]
[Result "1-0"]
[WhiteElo "1893"]
[BlackElo "1985"]
[PlyCount "59"]
[EventDate "2019.09.28"]
[EventType "team-swiss"]
[EventRounds "9"]
[EventCountry "NCA"]
[SourceTitle "CBM 194 Extra"]
[Source "ChessBase"]
[SourceDate "2020.03.31"]
[SourceVersion "1"]
[SourceVersionDate "2020.03.31"]
[SourceQuality "1"]
[WhiteTeam "Yader Cabrera"]
[BlackTeam "Jane Allens Knights"]
[WhiteTeamCountry "NCA"]
[BlackTeamCountry "NCA"]

1. f4 d5 2. Nf3 c5 3. e3 g6 4. Bb5+ Bd7 5. Qe2 Qb6 6. Bxd7+ Nxd7 7. d3 Bg7 8. c3 Ngf6 9. 0-0 0-0 10. Nbd2 Qc7 11. Nh4 e5 12. fxe5 Nxe5 13. e4 Neg4 14. Nhf3 Rae8 15. h3 dxe4 16. Nxe4 Nxe4 17. dxe4 Nf6 18. Nd2 Re6 19. Qf3 Rfe8 20. e5 Rxe5 21. Nc4 Rd5 22. Bf4 Qd7 23. Rad1 Ne4 24. Rxd5 Qxd5 25. Nd6 Re6 26. Rd1 Qc6 27. Nxe4 Rxe4 28. Rd8+ Bf8 29. Bh6 Re1+ 30. Kf2 1-0

[Event "NCA-chT fase1"]
[Site "Managua"]
[Date "2019.09.28"]
[Round "1.1"]
[White "Mejia, Donaldo"]
[Black "Narvaez Talavera, Joanie Ellen"]
[Result "1-0"]
[WhiteElo "1893"]
[BlackElo "1654"]
[PlyCount "109"]
[EventDate "2019.09.28"]
[EventType "team-swiss"]
[EventRounds "9"]
[EventCountry "NCA"]
[SourceTitle "CBM 194 Extra"]
[Source "ChessBase"]
[SourceDate "2020.03.31"]
[SourceVersion "1"]
[SourceVersionDate "2020.03.31"]
[SourceQuality "1"]
[WhiteTeam "Yader Cabrera"]
[BlackTeam "Universidad de Ingenieria (W)"]
[WhiteTeamCountry "NCA"]
[BlackTeamCountry "NCA"]

1. Nf3 d5 2. c4 c6 3. e3 Bf5 4. Nc3 e6 5. cxd5 exd5 6. Be2 Nf6 7. 0-0 Bd6 8. a3 a5 9. b3 0-0 10. Bb2 h6 11. d3 Nbd7 12. Re1 Qc7 13. h3 Bh7 14. Rc1 Qb6 15. Na4 Qd8 16. e4 Bf4 17. Rc2 dxe4 18. dxe4 Bxe4 19. Bd3 Bxd3 20. Qxd3 Qc7 21. Re7 Qd8 22. Rce2 Re8 23. Rxe8+ Nxe8 24. Qd4 Ne5 25. Nxe5 Qxd4 26. Bxd4 Rd8 27. Nf3 Bc1 28. Bb2 Bf4 29. g3 Bc7 30. Rd2 Rb8 31. Rd7 b5 32. Nc5 Rd8 33. Be5 Bb6 34. Rxd8 Bxd8 35. Nd4 Bb6 36. Nd7 Bxd4 37. Bxd4 Nd6 38. Ne5 a4 39. bxa4 bxa4 40. Nxc6 Nc4 41. Bc5 f5 42. Kf1 Kf7 43. Nd4 g6 44. Ke2 Kf6 45. f4 g5 46. Kd3 Nb2+ 47. Kc2 Nc4 48. Kc3 Ne3 49. Kb4 gxf4 50. gxf4 Nd5+ 51. Kxa4 Nxf4 52. h4 Nd3 53. Bd6 Ne5 54. Kb5 Nf7 55. Bf4 1-0

[Event "Managua Ramirez de Arellano Memorial"]
[Site "Managua"]
[Date "2019.07.21"]
[Round "5"]
[White "Mejia, Donaldo"]
[Black "Salinas Barrera, Jovani Enrique"]
[Result "1-0"]
[WhiteElo "1888"]
[BlackElo "1571"]
[PlyCount "69"]
[EventDate "2019.07.13"]
[EventType "swiss"]
[EventRounds "9"]
[EventCountry "NCA"]
[SourceTitle "EXT 2020"]
[Source "ChessBase"]
[SourceDate "2019.10.17"]
[SourceVersion "1"]
[SourceVersionDate "2019.10.17"]
[SourceQuality "1"]

1. Nf3 Nc6 2. g3 d5 3. Bg2 e5 4. d3 Bc5 5. 0-0 Nge7 6. c4 d4 7. Nbd2 a5 8. b3 0-0 9. a3 f5 10. Bb2 Ng6 11. b4 axb4 12. Nb3 bxa3 13. Nxc5 b6 14. Nb3 Bb7 15. Rxa3 f4 16. c5 Qf6 17. cxb6 cxb6 18. Nbd2 Qe7 19. Qb3+ Kh8 20. Rfa1 fxg3 21. hxg3 Rab8 22. Ne4 Qc7 23. Nfg5 Na5 24. Qa2 Qe7 25. Rxa5 bxa5 26. Ba3 Qd7 27. Bh3 Qd5 28. Qd2 Rfe8 29. Bd6 Ra8 30. Bd7 h6 31. Bxe8 Rxe8 32. Rxa5 Qc6 33. Nf7+ Kh7 34. Nf6+ gxf6 35. Qxh6+ 1-0

[Event "Managua Ramirez de Arellano Memorial"]
[Site "Managua"]
[Date "2019.07.20"]
[Round "4"]
[White "Matamoros, Jorge"]
[Black "Mejia, Donaldo"]
[Result "1/2-1/2"]
[WhiteElo "1684"]
[BlackElo "1888"]
[PlyCount "74"]
[EventDate "2019.07.13"]
[EventType "swiss"]
[EventRounds "9"]
[EventCountry "NCA"]
[SourceTitle "EXT 2020"]
[Source "ChessBase"]
[SourceDate "2019.10.17"]
[SourceVersion "1"]
[SourceVersionDate "2019.10.17"]
[SourceQuality "1"]

1. e4 g6 2. Nc3 Bg7 3. Nf3 d6 4. Bc4 a6 5. d4 b5 6. Bd5 c6 7. Bb3 Nd7 8. a4 Bb7 9. Be3 Ngf6 10. Bxf7+ Kxf7 11. Ng5+ Kg8 12. Ne6 Qc8 13. Qd3 Nf8 14. Ng5 e5 15. dxe5 dxe5 16. Qd6 h6 17. Nf3 Ne8 18. Qd2 Qe6 19. 0-0 Nd6 20. Bc5 Nf7 21. Rfd1 Kh7 22. Bb6 g5 23. b4 Ng6 24. Qd7 Bc8 25. Qc7 Bf6 26. axb5 cxb5 27. Nxb5 Bd8 28. Rxd8 Rxd8 29. Qc5 Rd7 30. Nc7 Rxc7 31. Qxc7 Bd7 32. Rd1 Bb5 33. Rd2 Rc8 34. Qa7 Nf4 35. h3 Qc4 36. Rd1 Kg6 37. Bc5 Qxc2 1/2-1/2